000 00620nam a2200181 i 4500
001 100884
003 ES-MaACL
005 20230906182800.0
007 t|
008 051006s1970 sp ||||1| spa d
100 1 _aMatzen, Peter-Friedrich.
_979172
245 1 0 _aAtlas de roentgenología ortopédica /
_cpor Friedrich-Peter Matzen y Horst Kurt Fleissner; [versión... Gisela Schmidt].
260 _aBarcelona :
_bEd. Científico-Médica,
_c1970.
300 _aXI, 478 p. :
_bil. ;
_c29 cm.
700 1 _aFleissner, Horst Kurt.
_951161
700 1 _aSchmidt, Gisela.
_9104475
852 _aES-MaACL
_jC-37481
_bR.73774
999 _c100884
_d100884